000 00599nam a22001937a 4500
003 JO-AjAnu
005 20231209092514.0
008 231203b jo ||||| |||| 00| 0 ara d
040 _bENG
_cJO-AjAnu
_dANU
100 _aLuu، Line
_964701
_eauther
245 _aEssential Personal Finance : A Practical Guide For Students /
_cLien، Luu
260 _aLondon :
_bRoutledge،
_c2017
300 _a297 pages
650 _vFinance
700 _aJonquil Lowe
_964614
_ejoint auther
700 _aJason Butler
_964615
_ejoint auther
700 _aTony Byrne
_964616
_ejoint auther
942 _2lcc
_cBK
_n0
999 _c33240
_d33240